Informe del SININA

保存先:
書誌詳細
団体著者: Sindicato de la Industria Nacional del Azúcar (El Salvador)
フォーマット: テキスト
出版事項: San José: CEDAL
タグ: タグ追加
タグなし, このレコードへの初めてのタグを付けませんか!

MARC

LEADER 00000 a a2200000 04500
001 18706
003
040
090 |a 010300  
110 |a Sindicato de la Industria Nacional del Azúcar (El Salvador)  
245 |a Informe del SININA  
260 |a San José:   |b CEDAL  
300 |a 3 p.  
999 |c 15157  |d 15157